000 00501nam a22001937a 4500
008 131009b xxu||||| |||| 00| 0 ger d
020 _a3341001603
041 0 _ager
080 _a007
100 _aZachau, Henning
245 1 0 _aEinsatz von Industrierobotern /
_cHenning Zachau
250 _a1. Auflage
260 _aBerlin :
_bVeb Verlag Technik ;
_c1986
300 _a303 f. :
_bme il. ;
_c24 cm.
500 _aVorwort f. : [I]
650 0 _aKibernetika
650 0 _aRobotët
942 _2udc
_cBK
999 _c59
_d59